000 01031nam a2200253Ia 4500
001 221.92-COR em do (5843)
003 IT-MiSPE
008 171229s9999||||xx |||||||||||||| ||und||
040 _aIT-MiSPE
_cIT-MiSPE
041 _aITALIANO
100 _aEmma Corvo
245 0 _aDonne della Bibbia
_bAngeli e Arcangeli
250 _a1a ed. (v)
260 _aMilano
_bGEI
_c1985
300 _a63 p.
_c31 cm
500 _aIll.
501 _aEdizioni San Paolo srl - Piazza Soncino, 5 - 20092 CINISELLO BALSAMO (MI) (non commercial uses only) ® Copyright 2018
520 _aBenedetto Mosca (pref.)
700 _aBenedetto Mosca
700 _aEnzo Fabiani
942 _cBK
957 _71
999 _a7391
_bNO
_g Copie: 1
_c338428
_d338428